అనంతరంగాలు (Record no. 670)

MARC details
000 -LEADER
fixed length control field 01401 a2200253 4500
005 - DATE AND TIME OF LATEST TRANSACTION
control field 20090415104154.0
008 - FIXED-LENGTH DATA ELEMENTS--GENERAL INFORMATION
fixed length control field 090305t xxu||||| |||| 00| 0 eng d
010 ## - LCCN (DPL NO)
LC control number TEL-4936
020 ## - INTERNATIONAL STANDARD BOOK NUMBER
Terms of availability 150.00
035 ## - SYSTEM CONTROL NUMBER
System control number TL-3942
037 ## - SOURCE OF ACQUISITION
Source of stock number/acquisition D.B.Act / Pub
082 ## - DEWEY DECIMAL CLASSIFICATION NUMBER
Classification number 894.82709
100 ## - MAIN ENTRY--PERSONAL NAME
Personal name రాజగోపాల్, నండూరి.
245 ## - TITLE STATEMENT
Title అనంతరంగాలు
Remainder of title : సాహిత్య పరామర్శ...
Statement of responsibility, etc / నండూరి రాజగోపాల్
246 ## - VARYING FORM OF TITLE
Title proper/short title Anantarangaalu: Saahitya paraamarsha...
Remainder of title by Nanduri Rajagopal
260 ## - PUBLICATION, DISTRIBUTION, ETC. (IMPRINT)
Place of publication, distribution, etc విజయవాడ
Name of publisher, distributor, etc చినుకు ప్రచురణలు
Date of publication, distribution, etc 2008
270 ## - ADDRESS
Address 27,28.3వ అంతస్థు, దత్తాస్ నయాబజార్, గాంధీ నగర్
City విజయవాడ
State or province ఆంధ్ర ప్రధేశ్
Postal code 520 003
300 ## - PHYSICAL DESCRIPTION
Extent 239 పే.
Dimensions 23 సె.మీ.
520 ## - SUMMARY, ETC.
Summary, etc Critical articles on 20th century literary works
650 ## - SUBJECT ADDED ENTRY--TOPICAL TERM
Topical term or geographic name as entry element తెలుగు సాహిత్యం
General subdivision చరిత్ర మరియు విమర్ష
Chronological subdivision 20వ శతాబ్దం
650 ## - SUBJECT ADDED ENTRY--TOPICAL TERM
Topical term or geographic name as entry element Telugu literature
General subdivision History and criticism
Chronological subdivision 20th century
942 ## - ADDED ENTRY ELEMENTS (KOHA)
Item type Telugu
Institution code [OBSOLETE] dpl
Source of classification or shelving scheme Dewey Decimal Classification
Classification part 894.82709
Call number suffix RAJ
Holdings
Withdrawn status Lost status Source of classification or shelving scheme Damaged status Not for loan Collection code Home library Current library Date acquired Cost, normal purchase price Total Checkouts Full call number Barcode Date last seen Cost, replacement price Koha item type
    Dewey Decimal Classification     Non-fiction D.B.Act.Division D.B.Act.Division   150.00   894.82709 RAJ TL-3942 15/09/2008 150.00 Telugu

© Delhi Public Library
Hit Counter
free hit counter